00470nam a2200157Ia 450000500170000000800410001708200130005810000130007124500280008426000440011230000130015665000230016994200060019295200990019899900150029720250311062432.0240331s9999 xx 000 0 und d bASOa894 aAsoka, M 0aSirakodintha paravaikal a BatticaloabSt. Sebastian pressc1993 a124 p ., a10 - short stories cL 001040708LaWERCLbWERCLcSSCd2024-03-31l0o 894.811 ASOp3901r2024-03-31w2024-03-31yL c3971d3971